00986nam a2200241 a 450000500170000000800410001702000150005804000270007304100080010004400080010808200180011624501760013426000780031030000330038865000260042165000160044770000250046370000270048870000260051594200150054199900150055695201730057120200104041600.0160205t1994 enk fr|||| 001 0 eng d a1853392502 aCO-BoIAVH cCO-BoIAVH 0 aeng aenk04a306.364bB48b00aBeyond farmer first :brural people's knowledge, agricultural research and extension practice /cEdited by Ian Scoones and Jhon Thompson with a foreword by Robert Chambers aLondon :bInternational Institute for Environment and Development,c1994. a301 páginas ;c23 x 15 cm.16aDesarrollo agrícola26aAgricultura1 aScoones, IaneEditor1 aThompson, JohneEditor1 aChambers, IaneEditor cLIBRO2ddc c5626d5626 00102ddc40708GENERALIINV2017aBogotabBogotad2007-06-19eInstitutog39000.00l0oLB-306.364 B48bp024528r2012-12-04 00:00:00tEj.1w2012-12-04xDonaciónyLIBRO